| 000 | 02692cam a22005054a 4500 | ||
|---|---|---|---|
| 999 |
_c528454 _d528454 |
||
| 001 | 15921056 | ||
| 003 | NUST | ||
| 005 | 20190913052450.0 | ||
| 008 | 090925s2008 th a b i000 0 eng | ||
| 010 | _a 2009333426 | ||
| 020 | _a9789211319378 ([vol.] 1) | ||
| 020 | _a9789211319477 ([vol.] 2) | ||
| 020 | _a9789211319484 ([vol.] 3) | ||
| 020 | _a9789211319491 ([vol.] 4) | ||
| 020 | _a9789211319446 ([vol.] 5) | ||
| 020 | _a9789211319453 ([vol.] 6) | ||
| 020 | _a9789211319460 ([vol.] 7) | ||
| 038 | _aMSOHAIL | ||
| 040 |
_aDLC _cDLC _dDLC |
||
| 042 | _alcode | ||
| 043 | _aa------ | ||
| 050 | 0 | 0 |
_aHD7287.96.A78 _bH68 2008 |
| 082 | _a0 | ||
| 100 |
_aUN-Habitat _920255 |
||
| 245 | 0 | 0 | _aHousing the poor in Asian cities. |
| 260 |
_aBangkok : _bUnited Nations Economic and Social Commission for Asia and the Pacific ; _aNairobi : _bUnited Nations Human Settlements Programme, _cc2008. |
||
| 300 |
_a29 v. : _bill. ; _c21 cm. |
||
| 490 | 0 | _aQuick guides for policy makers | |
| 500 | _aCover title. | ||
| 500 | _a"HS/956/08E"--[Vol.] 1, t.p. verso. | ||
| 500 | _a"HS/960/08E"--[Vol.] 2, t.p. verso. | ||
| 500 | _a"HS/961/08E"--[Vol.] 3, t.p. verso. | ||
| 500 | _a"HS/962/08E"--[Vol.] 4, t.p. verso. | ||
| 500 | _a"HS/957/08E"--[Vol.] 5, t.p. verso. | ||
| 500 | _a"HS/958/08E"--[Vol.] 6, t.p. verso. | ||
| 500 | _a"HS/959/08E"--[Vol.] 7, t.p. verso. | ||
| 504 | _aIncludes bibliographical references. | ||
| 505 | 0 | _a1. Urbanization : the role the poor play in urban development -- 2. Low-income housing : approaches to help the urban poor find adequate accommodation -- 3. Land : a crucial element in housing the urban poor -- 4. Eviction : alternatives to the whole-scale destruction of urban poor communities -- 5. Housing finance : ways to help the poor pay for housing -- 6. Community-based organizations : the poor as agents of development -- 7. Rental housing : a much neglected housing option for the poor. | |
| 650 | 0 |
_aLow-income housing _zAsia. _920256 |
|
| 710 | 2 |
_aUnited Nations. _bEconomic and Social Commission for Asia and the Pacific. _920257 |
|
| 710 | 2 |
_aUnited Nations Human Settlements Programme. _920258 |
|
| 906 |
_a7 _bcbc _corigode _d3 _encip _f20 _gy-gencatlg |
||
| 942 |
_2ddc _cBK |
||